ბათუმის შოთა რუსთაველის სახელმწიფო უნივერსიტეტის ბიბლიოთეკა

საქართველოს უზენაესი სასამართლოს გადაწყვეტილებანი სამოქალაქო საქმეებზე. 10. უცხო ქვეყნის სამართლო გადაწყვეტილებების საქართველოს ტერიტორიაზე ცნობა და აღსრულება. 2016 (ბიბ.ჩანაწერი № 52724)

000 -LEADER
fixed length control field 01698nam a2200193Ia 4500
001 - CONTROL NUMBER
control field 19750
003 - CONTROL NUMBER IDENTIFIER
control field GE_BSU
008 - FIXED-LENGTH DATA ELEMENTS--GENERAL INFORMATION
fixed length control field 181216s||||||||xx |||||||||||||| ||und||
040 ## - CATALOGING SOURCE
Transcribing agency GE_BSU
245 ## - TITLE STATEMENT
Title საქართველოს უზენაესი სასამართლოს გადაწყვეტილებანი სამოქალაქო საქმეებზე. 10. უცხო ქვეყნის სამართლო გადაწყვეტილებების საქართველოს ტერიტორიაზე ცნობა და აღსრულება. 2016
250 ## - EDITION STATEMENT
Edition statement ჟურნალი გამოდის საქართველოს უზენაესი სასამართრლოსა და საქართველოს იუსტიციის უმაღლესი საბჭოს საერთო სასამართლოების დეპარტამენტის მხარდაჭერით.
260 ## - PUBLICATION, DISTRIBUTION, ETC.
Place of publication, distribution, etc. თბილისი
260 ## - PUBLICATION, DISTRIBUTION, ETC.
Date of publication, distribution, etc. 2016
300 ## - PHYSICAL DESCRIPTION
Extent 168გვ. 21სმ.
653 ## - INDEX TERM--UNCONTROLLED
Uncontrolled term პერიოდიკა
653 ## - INDEX TERM--UNCONTROLLED
Uncontrolled term სამართალი
653 ## - INDEX TERM--UNCONTROLLED
Uncontrolled term საქართველოს უზენაესი სასამართლოს გადაწყვეტილებანი სამოქალაქო საქმეებზე. 10. უცხო ქვეყნის სამართლო გადაწყვეტილებების საქართველოს ტერიტორიაზე ცნობა და აღსრულება. 2016
942 ## - ADDED ENTRY ELEMENTS (KOHA)
Koha item type პერიოდიკა
ეგზემპლარები
Withdrawn status Lost status Damaged status Not for loan Date acquired Barcode Date last seen Price effective from Koha item type Public note
        2018-12-17 p 78280 2018-12-17 2018-12-17 პერიოდიკა პერიოდიკა
        2018-12-17 p 78279 2018-12-17 2018-12-17 პერიოდიკა პერიოდიკა